UEFA Champions League Teams 23/24 - Statistics

General Stats
  • This quiz has been taken 107 times
  • The average score is 23 of 32
Answer Stats
Group Team % Correct
Group A FC Bayern Munich
99%
Group A Manchester United
99%
Group G Manchester City
92%
Group C Real Madrid
91%
Group F Borussia Dortmund
90%
Group B Arsenal FC
89%
Group F Paris Saint-Germain
89%
Group H FC Barcelona
86%
Group F Newcastle United
85%
Group F AC Milan
84%
Group D Inter Milano
84%
Group C SSC Napoli
82%
Group A Galatasaray Istanbul
80%
Group B PSV Eindhoven
80%
Group A FC Copenhagen
78%
Group H FC Porto
76%
Group D Benfica Lisbon
75%
Group C FC Union Berlin
75%
Group G RB Leipzig
75%
Group B Sevilla FC
75%
Group E Atletico Madrid
71%
Group E Celtic Glasgow
66%
Group E Lazio Rome
66%
Group B RC Lens
66%
Group C SC Braga
61%
Group D FC Salzburg
59%
Group E Feyenoord Rotterdam
56%
Group D Real Sociedad San Sebastian
53%
Group H Royal Antwerp
52%
Group G Red Star Belgrade
49%
Group H Shakhtar Donetsk
48%
Group G Young Boys Bern
20%
No matching quizzes found
Score Distribution
Percent of People with Each Score
Percentile by Number Answered
Your Score History
You have not taken this quiz